[Event "Guernsey Holiday 2011"]
[Site "Guernsey, Channel Islands"]
[Date "2011.10.18"]
[Round "3"]
[White "Roberts, Malcolm A"]
[Black "Dokter, Marike"]
[Result "0-1"]
[WhiteElo "1760"]
[BlackElo "1570"]
[PlyCount "102"]
[EventDate "2011.10.16"]
[EventType "swiss"]
[EventRounds "7"]
[SourceDate "2011.11.16"]

1. e4 e5 2. Nf3 Nc6 3. Bc4 Bc5 4. d3 Nf6 5. Nc3 h6 6. a3 a5 7. Bd2 O-O 8. O-O
d6 9. h3 Ne7 10. Ne2 c6 11. c3 Ng6 12. b4 axb4 13. axb4 Rxa1 14. Qxa1 Bb6 15.
Qb2 d5 16. exd5 cxd5 17. Bb3 Bf5 18. d4 e4 19. Ne5 Bc7 20. Ng3 Be6 21. Nxg6
fxg6 22. Qc1 g5 23. Re1 Qd7 24. Bd1 Bxh3 25. gxh3 Qxh3 26. Re3 h5 27. c4 h4 28.
Nf1 Qe6 29. cxd5 Nxd5 30. Ra3 Qf5 31. Be1 Bd6 32. Qc4 Bxb4 33. Bxb4 Qxf2+ 34.
Kh1 Qxf1+ 35. Qxf1 Rxf1+ 36. Kg2 Rxd1 37. Bc5 Kh7 38. Ra7 Nf4+ 39. Kf2 h3 40.
Kg3 e3 41. Bb4 e2 42. Kf2 Rf1+ 43. Kg3 e1=Q+ 44. Bxe1 Rxe1 45. Rxb7 Rg1+ 46.
Kh2 Rg2+ 47. Kh1 h2 48. d5 Ne2 49. Rb3 Ng3+ 50. Rxg3 Rxg3 51. d6 Rd3 0-1

[Event "Guernsey Holiday 2011"]
[Site "Guernsey, Channel Islands"]
[Date "2011.10.18"]
[Round "3"]
[White "Savident, David B"]
[Black "Errington, Paul"]
[Result "1-0"]
[WhiteElo "1590"]
[BlackElo "1752"]
[PlyCount "63"]
[EventDate "2011.10.16"]
[EventType "swiss"]
[EventRounds "7"]
[SourceDate "2011.11.16"]

1. e4 c5 2. Nf3 a6 3. d4 cxd4 4. Nxd4 g6 5. Nc3 Bg7 6. Be3 Nc6 7. Be2 d6 8. Qd2
Nf6 9. f3 Bd7 10. g4 Nxd4 11. Bxd4 Bc6 12. g5 Nh5 13. Bxg7 Nxg7 14. Qd4 O-O 15.
Bc4 Qa5 16. O-O-O Qxg5+ 17. Kb1 Qc5 18. Qd3 Nh5 19. Bb3 Nf6 20. h4 b5 21. Rdg1
e5 22. h5 Nxh5 23. Qd2 Rfd8 24. Qg5 Kf8 25. Rxh5 d5 26. Rxh7 Ke8 27. Nxd5 Bxd5
28. Bxd5 Rxd5 29. exd5 Qxd5 30. Rh8+ Kd7 31. Rxa8 Qxa8 32. Rd1+ 1-0

[Event "Guernsey Holiday 2011"]
[Site "Guernsey, Channel Islands"]
[Date "2011.10.18"]
[Round "3"]
[White "Wood, Peter C"]
[Black "Bateman, Kerry"]
[Result "0-1"]
[WhiteElo "1728"]
[BlackElo "1525"]
[PlyCount "106"]
[EventDate "2011.10.16"]
[EventType "swiss"]
[EventRounds "7"]
[SourceDate "2011.11.16"]

1. Nf3 c5 2. c4 Nf6 3. Nc3 g6 4. d4 cxd4 5. Nxd4 Bg7 6. e4 d6 7. Be2 O-O 8. O-O
Nc6 9. Be3 Re8 10. h3 a6 11. Qd2 Bd7 12. Rab1 Qc7 13. Rfc1 Ne5 14. Nd5 Qd8 15.
Nxf6+ Bxf6 16. b4 Nc6 17. Nf3 Ne5 18. Nh2 Bg7 19. b5 axb5 20. cxb5 Qa5 21. Qxa5
Rxa5 22. f4 Rxa2 23. Bf1 Ra3 24. Bf2 Nd3 25. Bxd3 Rxd3 26. Rc7 Bxb5 27. Rxb7
Bc6 28. R7b4 e6 29. Ng4 f5 30. Ne3 Bxe4 31. Rb8 Rxb8 32. Rxb8+ Bf8 33. Nc4 h6
34. Bh4 Kf7 35. Bf2 Be7 36. Rh8 Bf8 37. Rh7+ Bg7 38. Nb2 Rd5 39. Nc4 Kg8 40.
Rxg7+ Kxg7 41. Ne3 Ra5 42. Nc4 Ra1+ 43. Kh2 Ra2 44. Kg3 d5 45. Ne5 g5 46. fxg5
hxg5 47. Nf3 Bxf3 48. Kxf3 Rxf2+ 49. Kxf2 Kg6 50. g3 Kh5 51. Kf3 f4 52. h4 fxg3
53. hxg5 Kxg5 0-1

[Event "Guernsey Holiday 2011"]
[Site "Guernsey, Channel Islands"]
[Date "2011.10.18"]
[Round "3"]
[White "Foster, Paul"]
[Black "Newrick, William"]
[Result "1/2-1/2"]
[WhiteElo "1720"]
[BlackElo "1389"]
[PlyCount "48"]
[EventDate "2011.10.16"]
[EventType "swiss"]
[EventRounds "7"]
[SourceDate "2011.11.16"]

1. e4 c5 2. Nc3 Nc6 3. f4 e6 4. Nf3 Nf6 5. e5 Nd5 6. Nxd5 exd5 7. d4 cxd4 8.
Nxd4 Bc5 9. Nf5 g6 10. Qxd5 Qa5+ 11. Qd2 Qxd2+ 12. Bxd2 gxf5 13. Bd3 d6 14.
exd6 Be6 15. O-O-O O-O-O 16. a3 Rxd6 17. Rhe1 Rg8 18. g3 Nd4 19. Be3 Rc6 20.
Bxd4 Bxd4 21. Bb5 Rd6 22. Bd3 Rgd8 23. Re2 Kb8 24. Rde1 Rb6 1/2-1/2

[Event "Guernsey Holiday 2011"]
[Site "Guernsey, Channel Islands"]
[Date "2011.10.18"]
[Round "3"]
[White "Brooker, Chris H"]
[Black "Bennett, David"]
[Result "1/2-1/2"]
[WhiteElo "1712"]
[BlackElo "1352"]
[PlyCount "82"]
[EventDate "2011.10.16"]
[EventType "swiss"]
[EventRounds "7"]
[SourceDate "2011.11.16"]

1. f4 Nf6 2. b3 d5 3. e3 Bf5 4. Nf3 h6 5. Bb2 Nbd7 6. Be2 e6 7. Ne5 Nxe5 8.
Bxe5 Bd6 9. Bb2 O-O 10. O-O c5 11. d3 Be7 12. Nd2 Rc8 13. Qe1 d4 14. e4 Bh7 15.
Qg3 Qa5 16. Nc4 Qc7 17. Bc1 Kh8 18. Bd2 b5 19. Ne5 Nd7 20. Nxd7 Qxd7 21. Rf2 f5
22. e5 Qd8 23. Qf3 Qe8 24. Kh1 Bh4 25. g3 Be7 26. g4 Qc6 27. Qxc6 Rxc6 28. g5
hxg5 29. fxg5 Bg6 30. a4 b4 31. h4 Be8 32. h5 g6 33. hxg6 Bxg6 34. Bf4 Kg7 35.
Rh2 Rcc8 36. Kg2 Rh8 37. Rah1 Rxh2+ 38. Rxh2 Rh8 39. Rxh8 Kxh8 40. Kg3 Kg7 41.
Kh4 a5 1/2-1/2

[Event "Guernsey Holiday 2011"]
[Site "Guernsey, Channel Islands"]
[Date "2011.10.18"]
[Round "3"]
[White "Gibzinski, Stanislaw"]
[Black "Borland, Thomas E"]
[Result "0-1"]
[WhiteElo "1216"]
[BlackElo "1623"]
[PlyCount "64"]
[EventDate "2011.10.16"]
[EventType "swiss"]
[EventRounds "7"]
[SourceDate "2011.11.16"]

1. c4 Nf6 2. g3 g6 3. Bg2 Bg7 4. Nc3 O-O 5. e3 d6 6. Nge2 c5 7. O-O Nc6 8. a3
Rb8 9. d4 a6 10. b3 Bd7 11. Bb2 Na5 12. Nf4 b5 13. Ncd5 bxc4 14. b4 cxd4 15.
Nxf6+ Bxf6 16. Nd5 Bg7 17. Bxd4 Bxd4 18. exd4 Nb3 19. Rb1 e6 20. Nf4 Qf6 21. d5
e5 22. Ne2 Bf5 23. Rb2 Bd3 24. f4 e4 25. Ra2 Nd4 26. Nc3 Nf3+ 27. Rxf3 Qxc3 28.
Re3 Qd4 29. Qe1 Rfe8 30. Rd2 c3 31. Rd1 c2 32. Rdxd3 exd3 0-1

[Event "Guernsey Holiday 2011"]
[Site "Guernsey, Channel Islands"]
[Date "2011.10.18"]
[Round "3"]
[White "Kok, Franciscus"]
[Black "Beadle, John"]
[Result "0-1"]
[WhiteElo "1583"]
[BlackElo "1720"]
[PlyCount "46"]
[EventDate "2011.10.16"]
[EventType "swiss"]
[EventRounds "7"]
[SourceDate "2011.11.16"]

1. d4 Nf6 2. c4 e6 3. Nf3 d5 4. e3 Be7 5. Be2 O-O 6. O-O Nbd7 7. cxd5 exd5 8.
b3 Ne4 9. Nfd2 Ndf6 10. Nxe4 Nxe4 11. Bd3 f5 12. Bxe4 fxe4 13. Ba3 Rf6 14. Bxe7
Qxe7 15. Nd2 Rh6 16. Re1 Qh4 17. Nf1 Bd7 18. a4 Rf8 19. f3 Rg6 20. Kh1 exf3 21.
gxf3 Qf2 22. Ng3 Rh6 23. Nf1 Bh3 0-1

[Event "Guernsey Holiday 2011"]
[Site "Guernsey, Channel Islands"]
[Date "2011.10.18"]
[Round "3"]
[White "Goman, Colin"]
[Black "Cox, Marian"]
[Result "0-1"]
[WhiteElo "1631"]
[BlackElo "1440"]
[PlyCount "36"]
[EventDate "2011.10.16"]
[EventType "swiss"]
[EventRounds "7"]
[SourceDate "2011.11.16"]

1. Nf3 d6 2. e4 e5 3. d4 exd4 4. Nxd4 Nf6 5. Bg5 Be7 6. Nf5 Bxf5 7. exf5 Nbd7
8. Nc3 O-O 9. Qd2 Re8 10. O-O-O c6 11. h4 h6 12. Bf4 d5 13. Be2 Bc5 14. g4 d4
15. Bxh6 gxh6 16. Qxh6 dxc3 17. g5 cxb2+ 18. Kb1 Bf8 0-1

[Event "Guernsey Holiday 2011"]
[Site "Guernsey, Channel Islands"]
[Date "2011.10.18"]
[Round "3"]
[White "Van Beek, Ronald"]
[Black "Curry, William"]
[Result "0-1"]
[WhiteElo "1374"]
[BlackElo "1528"]
[PlyCount "76"]
[EventDate "2011.10.16"]
[EventType "swiss"]
[EventRounds "7"]
[SourceDate "2011.11.16"]

1. d4 d5 2. Bf4 e6 3. Nf3 Bd6 4. Bg3 Nc6 5. c3 Nf6 6. Nbd2 h6 7. e3 a6 8. Bd3
Qe7 9. Ne5 Nd7 10. Nxc6 bxc6 11. Qc2 c5 12. b3 cxd4 13. cxd4 c5 14. dxc5 Nxc5
15. Bxd6 Nxd3+ 16. Qxd3 Qxd6 17. O-O a5 18. Rfc1 O-O 19. a4 Ba6 20. Qc3 Qd8 21.
b4 Rc8 22. Qa3 Rxc1+ 23. Rxc1 Qd6 24. Rb1 Rb8 25. Qc3 axb4 26. Qb3 Qc5 27. Nf3
Bc4 28. Qb2 f6 29. Nd4 e5 30. Nb3 Qc6 31. Na5 Qxa4 32. Nxc4 dxc4 33. Qd2 c3 34.
Qd5+ Kh8 35. Qd6 Ra8 36. g3 b3 37. Qd5 b2 38. Qc5 Qc2 0-1

[Event "Guernsey Holiday 2011"]
[Site "Guernsey, Channel Islands"]
[Date "2011.10.18"]
[Round "3"]
[White "Le Maitre, Richard"]
[Black "Cox, Reginald E"]
[Result "0-1"]
[WhiteElo "1418"]
[BlackElo "1312"]
[PlyCount "114"]
[EventDate "2011.10.16"]
[EventType "swiss"]
[EventRounds "7"]
[SourceDate "2011.11.16"]

1. Nf3 Nf6 2. g3 g6 3. Bg2 Bg7 4. d4 d5 5. O-O O-O 6. Nc3 Nc6 7. Bg5 h6 8. Bd2
e6 9. Qc1 Kh7 10. a3 Bd7 11. Bf4 Nh5 12. Be3 Nf6 13. Rd1 Ng4 14. h3 Nxe3 15.
Qxe3 Ne7 16. Qc1 Nc6 17. e3 a6 18. Rb1 b6 19. e4 Ne7 20. exd5 exd5 21. Ne5 Bxe5
22. dxe5 c6 23. Re1 Be6 24. Ne2 f6 25. Nf4 Qc8 26. Nxe6 Qxe6 27. Qe3 Rab8 28.
exf6 Qxe3 29. Rxe3 Nf5 30. Re6 Rbc8 31. Rbe1 Kg8 32. c3 Kf7 33. g4 Nh4 34. Bh1
Rfe8 35. Re7+ Rxe7 36. fxe7 Re8 37. Kh2 Rxe7 38. Rxe7+ Kxe7 39. Kg3 g5 40. f4
Ng6 41. f5 Ne5 42. Bg2 a5 43. Bf1 Kf6 44. Be2 Nd7 45. h4 Nc5 46. b4 Ne4+ 47.
Kh3 Nxc3 48. bxa5 bxa5 49. Bd3 Nd1 50. Kg3 Nb2 51. Bc2 Nc4 52. a4 Nd2 53. Bd3
Ne4+ 54. Kf3 gxh4 55. Bxe4 dxe4+ 56. Kxe4 h3 57. Kf3 c5 0-1

[Event "Guernsey Holiday 2011"]
[Site "Guernsey, Channel Islands"]
[Date "2011.10.18"]
[Round "3"]
[White "Brown, Jim"]
[Black "Kaye, Mike"]
[Result "0-1"]
[WhiteElo "1272"]
[BlackElo "1400"]
[PlyCount "108"]
[EventDate "2011.10.16"]
[EventType "swiss"]
[EventRounds "7"]
[SourceDate "2011.11.16"]

1. Nf3 g6 2. d4 d5 3. e3 Bg7 4. Be2 Nf6 5. Nbd2 O-O 6. O-O Nc6 7. a3 Ne4 8. h3
f5 9. Nxe4 dxe4 10. Ne5 Bxe5 11. dxe5 Qxd1 12. Rxd1 Nxe5 13. b3 Be6 14. Bb2 Nc6
15. b4 a6 16. g3 b5 17. h4 Rfd8 18. Rxd8+ Rxd8 19. Rd1 Rxd1+ 20. Bxd1 Nd8 21.
Be5 c6 22. Be2 Kf7 23. Bc7 Nb7 24. Be5 Bd5 25. Bf4 Nd8 26. Bc7 Ne6 27. Be5 Nf8
28. Bd4 Nd7 29. Kf1 e5 30. Bc3 Ke6 31. Ke1 Nb6 32. Kd2 Bc4 33. Bd1 Bf1 34. Ke1
Bg2 35. Ba1 Bf3 36. Be2 Bxe2 37. Kxe2 Nc4 38. Kd1 Nxa3 39. Bc3 Kd5 40. Kc1 Nc4
41. Kb1 c5 42. Ka2 cxb4 43. Bxb4 a5 44. Be1 Kc5 45. c3 a4 46. Ka1 Na5 47. Ka2
Kc4 48. Ka3 Nb3 49. Kb2 Nc5 50. Ka3 Nd3 51. Bd2 Nxf2 52. Be1 Nd1 53. Bd2 Nxc3
54. Bxc3 Kxc3 0-1

[Event "Guernsey Holiday 2011"]
[Site "Guernsey, Channel Islands"]
[Date "2011.10.18"]
[Round "3"]
[White "Carrick, Peter"]
[Black "Herschmann, Heinz"]
[Result "1-0"]
[WhiteElo "1384"]
[BlackElo "1440"]
[PlyCount "83"]
[EventDate "2011.10.16"]
[EventType "swiss"]
[EventRounds "7"]
[SourceDate "2011.11.16"]

1. d4 d5 2. Nf3 e6 3. Bf4 Bd6 4. Bg5 Be7 5. Bxe7 Qxe7 6. e3 Nf6 7. Nbd2 O-O 8.
Bd3 h6 9. Ne5 Nbd7 10. f4 Nxe5 11. fxe5 Nh7 12. O-O f5 13. Rf3 Ng5 14. Rg3 Ne4
15. Rf3 Bd7 16. Rf1 Rf7 17. Be2 g6 18. Nf3 Raf8 19. Qe1 g5 20. Qa5 g4 21. Ne1
Qg5 22. Rf4 Bc6 23. Nd3 h5 24. Qe1 h4 25. Rc1 Rg7 26. Qd1 h3 27. g3 Rh7 28.
Bxg4 fxg4 29. Rxg4 Rg7 30. Rxg5 Rxg5 31. Nf4 Bd7 32. Qe2 Nxg3 33. hxg3 Rxg3+
34. Kh2 Rg5 35. Rg1 Rxg1 36. Kxg1 Rf7 37. Kh2 Rg7 38. Nxh3 Be8 39. Qf2 Bg6 40.
Qf6 Be4 41. Ng5 Rg6 42. Qf7+ 1-0

[Event "Guernsey Holiday 2011"]
[Site "Guernsey, Channel Islands"]
[Date "2011.10.19"]
[Round "4"]
[White "Kearsley, Raymond J"]
[Black "Haisma, Henk"]
[Result "1/2-1/2"]
[WhiteElo "1760"]
[BlackElo "1709"]
[PlyCount "39"]
[EventDate "2011.10.16"]
[EventType "swiss"]
[EventRounds "7"]
[SourceDate "2011.11.16"]

1. e4 c5 2. Nf3 Nc6 3. Bb5 a6 4. Bxc6 bxc6 5. O-O d6 6. h3 e5 7. c3 Nf6 8. d4
cxd4 9. cxd4 Nxe4 10. dxe5 d5 11. Nbd2 Nc5 12. Nd4 Qc7 13. Kh1 Be7 14. f4 Bb7
15. b4 Ne6 16. Nxe6 fxe6 17. a3 O-O 18. Nf3 c5 {(=)} 19. bxc5 Bxc5 20. Nd4
1/2-1/2

[Event "Guernsey Holiday 2011"]
[Site "Guernsey, Channel Islands"]
[Date "2011.10.19"]
[Round "4"]
[White "Ruigrok, Jacques"]
[Black "Smith, David"]
[Result "1/2-1/2"]
[WhiteElo "1760"]
[BlackElo "1708"]
[PlyCount "33"]
[EventDate "2011.10.16"]
[EventType "swiss"]
[EventRounds "7"]
[SourceDate "2011.11.16"]

1. e4 c6 2. d4 d5 3. e5 Bf5 4. h4 h6 5. g4 Bh7 6. e6 fxe6 7. Bd3 Qd6 8. Bxh7
Rxh7 9. f4 Nf6 10. Qd3 Rh8 11. Qg6+ Kd8 12. Nf3 Kc7 13. Ne5 Rg8 14. c3 Qd8 15.
Nd2 Qe8 16. Qxe8 Nxe8 17. h5 1/2-1/2

[Event "Guernsey Holiday 2011"]
[Site "Guernsey, Channel Islands"]
[Date "2011.10.19"]
[Round "4"]
[White "Hamann, Marcus"]
[Black "Hoogakker, Peter"]
[Result "1/2-1/2"]
[WhiteElo "1728"]
[BlackElo "1754"]
[PlyCount "32"]
[EventDate "2011.10.16"]
[EventType "swiss"]
[EventRounds "7"]
[SourceDate "2011.11.16"]

1. e4 e5 2. Nf3 d6 3. d4 Nf6 4. dxe5 Nxe4 5. Qd5 Nc5 6. Bg5 Be7 7. exd6 Qxd6 8.
Nc3 Qxd5 9. Nxd5 Bd6 10. Be7 Ne6 11. Bxd6 cxd6 12. O-O-O Nc6 13. Bb5 Bd7 14.
Rhe1 O-O-O 15. Bxc6 bxc6 16. Nb4 Kc7 1/2-1/2

[Event "Guernsey Holiday 2011"]
[Site "Guernsey, Channel Islands"]
[Date "2011.10.19"]
[Round "4"]
[White "Dokter, Marike"]
[Black "Kershaw, Graham J"]
[Result "1/2-1/2"]
[WhiteElo "1570"]
[BlackElo "1760"]
[PlyCount "46"]
[EventDate "2011.10.16"]
[EventType "swiss"]
[EventRounds "7"]
[SourceDate "2011.11.16"]

1. e4 e6 2. d4 d5 3. exd5 exd5 4. Nf3 Bg4 5. Qe2+ Qe7 6. Be3 Nf6 7. h3 Bf5 8.
Nc3 c6 9. O-O-O Ne4 10. Nxe4 Bxe4 11. Nd2 Nd7 12. Nxe4 Qxe4 13. Bf4 Qxe2 14.
Bxe2 Bb4 15. c3 Ba5 16. Rhe1 O-O 17. g4 Rfe8 18. Bd3 Nf6 19. f3 b5 20. b4 Bb6
21. h4 a5 22. a3 axb4 23. axb4 Ra1+ 1/2-1/2

[Event "Guernsey Holiday 2011"]
[Site "Guernsey, Channel Islands"]
[Date "2011.10.19"]
[Round "4"]
[White "Borland, Thomas E"]
[Black "Collins, Alan"]
[Result "1-0"]
[WhiteElo "1623"]
[BlackElo "1736"]
[PlyCount "39"]
[EventDate "2011.10.16"]
[EventType "swiss"]
[EventRounds "7"]
[SourceDate "2011.11.16"]

1. d4 f5 2. e4 fxe4 3. f3 d5 4. Nc3 Nf6 5. fxe4 dxe4 6. Bg5 Bf5 7. Bc4 Nbd7 8.
Nge2 c6 9. O-O Bg6 10. Nf4 Qa5 11. Ne6 Bf7 12. Bf4 Bxe6 13. Bxe6 g5 14. Bxd7+
Kxd7 15. Be5 Bg7 16. Nxe4 Raf8 17. Nc5+ Ke8 18. Ne6 Rhg8 19. Nc7+ Kf7 20. Qh5#
1-0

[Event "Guernsey Holiday 2011"]
[Site "Guernsey, Channel Islands"]
[Date "2011.10.19"]
[Round "4"]
[White "Guttridge, David"]
[Black "Vonhoff, Joerg"]
[Result "1/2-1/2"]
[WhiteElo "1704"]
[BlackElo "1543"]
[PlyCount "69"]
[EventDate "2011.10.16"]
[EventType "swiss"]
[EventRounds "7"]
[SourceDate "2011.11.16"]

1. d4 Nf6 2. Nf3 g6 3. Bf4 Bg7 4. e3 Nh5 5. Bg3 Nxg3 6. hxg3 c5 7. c3 cxd4 8.
cxd4 Qa5+ 9. Qd2 Nc6 10. Qxa5 Nxa5 11. Nc3 O-O 12. Bd3 e6 13. Rc1 d5 14. b3 a6
15. Na4 b5 16. Nb6 Rb8 17. Nxc8 Rbxc8 18. Kd2 f6 19. Rxc8 Rxc8 20. Rc1 Rxc1 21.
Kxc1 Nc6 22. Kd2 e5 23. dxe5 fxe5 24. Bb1 Bf8 25. Ke2 Be7 26. e4 d4 27. Ne1 g5
28. Nd3 Bd6 29. a4 b4 30. Nb2 Na5 31. Bc2 Kf7 32. Kd3 Ke6 33. Nc4 Nxc4 34. Kxc4
a5 35. Bd1 1/2-1/2

[Event "Guernsey Holiday 2011"]
[Site "Guernsey, Channel Islands"]
[Date "2011.10.19"]
[Round "4"]
[White "Williams, Peter D"]
[Black "Harnden, Terry"]
[Result "1/2-1/2"]
[WhiteElo "1704"]
[BlackElo "1423"]
[PlyCount "60"]
[EventDate "2011.10.16"]
[EventType "swiss"]
[EventRounds "7"]
[SourceDate "2011.11.16"]

1. e4 c5 2. c3 d6 3. d4 cxd4 4. cxd4 Nf6 5. Nc3 g6 6. Nf3 Bg7 7. Bg5 O-O 8. Qd2
Nc6 9. h3 a6 10. a4 Bd7 11. Bh6 e5 12. Bxg7 Kxg7 13. d5 Na5 14. Be2 Nb3 15. Qd1
Nxa1 16. Qxa1 b5 17. Bd3 bxa4 18. O-O Bb5 19. Rd1 Bxd3 20. Rxd3 Qd7 21. Nd2
Rfb8 22. Nxa4 Rb4 23. b3 Qb5 24. Re3 Qd7 25. Nc4 Qc7 26. Qa3 a5 27. f3 Rab8 28.
Rc3 Qa7+ 29. Kh2 Qf2 30. Nxd6 Qa7 1/2-1/2

[Event "Guernsey Holiday 2011"]
[Site "Guernsey, Channel Islands"]
[Date "2011.10.19"]
[Round "4"]
[White "Bateman, Kerry"]
[Black "Baart, Edwin R"]
[Result "0-1"]
[WhiteElo "1525"]
[BlackElo "1687"]
[PlyCount "80"]
[EventDate "2011.10.16"]
[EventType "swiss"]
[EventRounds "7"]
[SourceDate "2011.11.16"]

1. e4 e5 2. Nf3 Nc6 3. Bc4 Nf6 4. d4 exd4 5. O-O d6 6. Nxd4 Be7 7. Nxc6 bxc6 8.
Qe2 O-O 9. Nc3 Be6 10. Bf4 Qb8 11. Bxe6 fxe6 12. Bd2 Qb7 13. h3 Rae8 14. g4 e5
15. g5 Nd7 16. Qg4 Qc8 17. f4 exf4 18. Rxf4 Ne5 19. Rxf8+ Rxf8 20. Qxc8 Rxc8
21. Rf1 Rf8 22. Kg2 Rxf1 23. Kxf1 Nf3 24. Be3 a6 25. e5 Nxe5 26. Kf2 Kf7 27.
Ne2 Kg6 28. Nf4+ Kf5 29. Kg3 Bxg5 30. Ng2 Bxe3 31. Nxe3+ Ke4 32. Nd1 g5 33.
Nf2+ Kf5 34. Nd1 h5 35. Ne3+ Ke4 36. Nd1 h4+ 37. Kg2 g4 38. Nc3+ Ke3 39. Nd1+
Kd2 40. Nf2 gxh3+ 0-1

[Event "Guernsey Holiday 2011"]
[Site "Guernsey, Channel Islands"]
[Date "2011.10.19"]
[Round "4"]
[White "Brookes, Jean Paul"]
[Black "Brooker, Chris H"]
[Result "0-1"]
[WhiteElo "1597"]
[BlackElo "1712"]
[PlyCount "42"]
[EventDate "2011.10.16"]
[EventType "swiss"]
[EventRounds "7"]
[SourceDate "2011.11.16"]

1. e4 e6 2. d4 d5 3. Nc3 Bb4 4. e5 c5 5. a3 cxd4 6. Qxd4 Ba5 7. b4 Bb6 8. Qd3
Ne7 9. f4 Nbc6 10. Nge2 a6 11. b5 axb5 12. Nxb5 O-O 13. h4 f6 14. exf6 Rxf6 15.
Bb2 Rf7 16. O-O-O Na5 17. Ned4 Nec6 18. Re1 Nxd4 19. Nxd4 Bxd4 20. Qxd4 Qc7 21.
g3 Nb3+ 0-1

[Event "Guernsey Holiday 2011"]
[Site "Guernsey, Channel Islands"]
[Date "2011.10.19"]
[Round "4"]
[White "Cox, Marian"]
[Black "Finch, Russell"]
[Result "0-1"]
[WhiteElo "1440"]
[BlackElo "1700"]
[PlyCount "54"]
[EventDate "2011.10.16"]
[EventType "swiss"]
[EventRounds "7"]
[SourceDate "2011.11.16"]

1. e4 c5 2. Nf3 d6 3. d4 cxd4 4. Nxd4 Nf6 5. Nc3 e6 6. Be3 Be7 7. Bc4 a6 8. a4
Qc7 9. Bd3 O-O 10. Qd2 Bd7 11. O-O Nc6 12. Nxc6 Bxc6 13. f4 Rfd8 14. a5 Qd7 15.
b4 d5 16. Bb6 Rdc8 17. e5 d4 18. Na2 Nd5 19. Bc5 Bxc5 20. bxc5 Ne3 21. Rf2 Qd5
22. Qb4 Nxg2 23. Bc4 Qe4 24. Bd3 Qe3 25. Bf1 Nh4 26. Be2 Qe4 27. Qd2 Qh1# 0-1

[Event "Guernsey Holiday 2011"]
[Site "Guernsey, Channel Islands"]
[Date "2011.10.19"]
[Round "4"]
[White "Nalichowski, Bogdan"]
[Black "Foster, Paul"]
[Result "1-0"]
[WhiteElo "1626"]
[BlackElo "1720"]
[PlyCount "53"]
[EventDate "2011.10.16"]
[EventType "swiss"]
[EventRounds "7"]
[SourceDate "2011.11.16"]

1. e4 d5 2. e5 Bf5 3. Nf3 e6 4. d4 Nd7 5. Bb5 a6 6. Bd3 Bg6 7. O-O c5 8. c3 Ne7
9. Bg5 Qb6 10. b3 Nf5 11. Bxf5 Bxf5 12. Nh4 Bg6 13. Qg4 cxd4 14. cxd4 Bb4 15.
a3 Bxb1 16. Rc1 h6 17. Be3 g5 18. axb4 Bd3 19. Rc3 Bb5 20. Nf3 Bc6 21. h4 Qxb4
22. Rac1 h5 23. Qxg5 Qe7 24. Qg3 O-O-O 25. Bg5 f6 26. exf6 Qf7 27. Rxc6+ 1-0

[Event "Guernsey Holiday 2011"]
[Site "Guernsey, Channel Islands"]
[Date "2011.10.19"]
[Round "4"]
[White "Newrick, William"]
[Black "Jongerius, Marc"]
[Result "1/2-1/2"]
[WhiteElo "1389"]
[BlackElo "1643"]
[PlyCount "55"]
[EventDate "2011.10.16"]
[EventType "swiss"]
[EventRounds "7"]
[SourceDate "2011.11.16"]

1. d4 d5 2. Nf3 Nf6 3. c4 e6 4. e3 dxc4 5. Bxc4 c5 6. O-O Nc6 7. Nc3 Be7 8. Re1
O-O 9. a3 a6 10. d5 exd5 11. Nxd5 Nxd5 12. Bxd5 Qd6 13. e4 Rd8 14. Bg5 Be6 15.
Bxe7 Qxe7 16. Qb3 b5 17. Rad1 c4 18. Qe3 Rd6 19. Ng5 Bxd5 20. exd5 Qxe3 21.
Rxe3 Rad8 22. Rde1 g6 23. dxc6 Rxc6 24. Ne4 Kg7 25. Nc3 Rcd6 26. g3 R8d7 27.
Kg2 Rf6 28. Ne4 1/2-1/2

[Event "Guernsey Holiday 2011"]
[Site "Guernsey, Channel Islands"]
[Date "2011.10.19"]
[Round "4"]
[White "Bennett, David"]
[Black "Roberts, Malcolm A"]
[Result "0-1"]
[WhiteElo "1352"]
[BlackElo "1760"]
[PlyCount "88"]
[EventDate "2011.10.16"]
[EventType "swiss"]
[EventRounds "7"]
[SourceDate "2011.11.16"]

1. Nf3 d5 2. d4 Nf6 3. Bf4 e6 4. Nbd2 c5 5. c4 cxd4 6. cxd5 Nxd5 7. Bxb8 Rxb8
8. Nxd4 Bc5 9. e3 O-O 10. Be2 Qg5 11. Bf3 Nxe3 12. fxe3 Qxe3+ 13. Qe2 Qxd4 14.
Ne4 Qb4+ 15. Qd2 Qxd2+ 16. Nxd2 Bd7 17. O-O-O Rfc8 18. Ne4 Be3+ 19. Kb1 Bc6 20.
Rhe1 Bf4 21. g3 Bh6 22. Bh1 Rd8 23. Rd6 Rxd6 24. Nxd6 Bxh1 25. Rxh1 b6 26. Rf1
Rf8 27. h4 Be3 28. Rf3 Bc5 29. Ne4 Bd4 30. Nd6 a5 31. g4 h6 32. Nb5 Bc5 33. Rg3
Rd8 34. g5 hxg5 35. Rxg5 Rd5 36. Rg4 f5 37. Rg6 Kf7 38. Rg2 f4 39. Rg4 Be3 40.
Nc3 Rd7 41. Ne4 f3 42. Ng3 f2 43. Kc2 Rd2+ 44. Kc1 Rd4+ 0-1

[Event "Guernsey Holiday 2011"]
[Site "Guernsey, Channel Islands"]
[Date "2011.10.19"]
[Round "4"]
[White "Naldrett, Geoffrey W"]
[Black "Carrick, Peter"]
[Result "1-0"]
[WhiteElo "1584"]
[BlackElo "1384"]
[PlyCount "77"]
[EventDate "2011.10.16"]
[EventType "swiss"]
[EventRounds "7"]
[SourceDate "2011.11.16"]

1. e4 d5 2. exd5 Qxd5 3. Nc3 Qa5 4. d4 c6 5. Bc4 Bf5 6. Nf3 Nf6 7. O-O Nbd7 8.
Ne2 Qd8 9. c3 e6 10. Bf4 Be7 11. Ng3 Bg4 12. h3 Bxf3 13. Qxf3 O-O 14. Rad1 Nd5
15. Bc1 N7f6 16. Bd3 Ne8 17. Qe4 Ndf6 18. Qe2 Qc7 19. f4 Bd6 {(=)} 20. Ne4 Nxe4
21. Bxe4 Nf6 22. Bc2 Rfe8 23. Qf3 Bf8 24. Rde1 Re7 25. Re5 Rd8 26. g4 g6 27.
Rfe1 Rd5 28. Bb3 Rxe5 29. fxe5 Ne8 {(=)} 30. Bg5 Rd7 31. Rf1 Bg7 32. h4 Kh8 33.
h5 c5 34. h6 Bf8 35. Bxe6 Kg8 36. Bxd7 Qxd7 37. d5 c4 38. Be3 b5 39. e6 1-0

[Event "Guernsey Holiday 2011"]
[Site "Guernsey, Channel Islands"]
[Date "2011.10.19"]
[Round "4"]
[White "Cox, Reginald E"]
[Black "Curry, William"]
[Result "1-0"]
[WhiteElo "1312"]
[BlackElo "1528"]
[PlyCount "73"]
[EventDate "2011.10.16"]
[EventType "swiss"]
[EventRounds "7"]
[SourceDate "2011.11.16"]

1. e4 e5 2. Nf3 Nc6 3. Bb5 d6 4. h3 Bd7 5. O-O Nf6 6. d3 h6 7. Nc3 a6 8. Bxc6
Bxc6 9. Re1 Qd7 10. d4 O-O-O 11. d5 g5 12. dxc6 Qxc6 13. Nd5 Nh5 14. g4 Nf4 15.
Bxf4 gxf4 16. a4 h5 17. g5 Qd7 18. Kh2 Bg7 19. b4 Qe6 20. b5 Kd7 21. bxa6 bxa6
22. Qd2 Ra8 23. Qc3 Rhc8 24. Reb1 Ra7 25. Rb2 Kd8 26. Rab1 Qd7 27. Rb8 Ra8 28.
Rxa8 Rxa8 29. Rb7 Rc8 30. Qb4 Qc6 31. c4 Ke8 32. Rb8 Qd7 33. Nh4 c6 34. Rxc8+
Qxc8 35. Nf6+ Ke7 36. Nf5+ Kf8 37. Qxd6# 1-0